000 00260nam a22001097a 4500
008 160511b xxu||||| |||| 00| 0 eng d
020 _a9780415502306
041 _aeng
080 _a316.77
245 _aPerformance studies:
_cRichard Schechner;
942 _2udc
_cBK
999 _c2024
_d2024